MARC

LEADER 00000nam0a2200000 4500
001 35741
005 20231101210325.0
035 |a (RuTPU)RU\TPU\book\36180 
035 |a BOOK00002832 
090 |a 35741 
100 |a 20011210d1986 m y0rusy50 ca 
101 0 |a rus 
102 |a BY 
105 |a a j 000zy 
200 1 |a Проектирование и расчет приспособлений  |e учебное пособие  |f В. А. Горохов 
210 |a Минск  |c Высшая школа  |d 1986 
215 |a 238 с. 
451 1 |0 (RuTPU)RU\TPU\book\159538  |y 978-5-94178-181-2  |t Проектирование и расчет приспособлений  |o учебник  |f В. А. Горохов  |c Старый Оскол  |n ТНТ  |d 2008  |p 301 с.  |a Горохов, Вадим Андреевич 
606 1 |a Металлорежущие станки  |x Приспособления  |x Конструкция и расчет  |x Стандартизация  |x Точность  |2 stltpush  |3 (RuTPU)RU\TPU\subj\42633  |9 62292 
610 1 |a станочные приспособления 
610 1 |a структура 
610 1 |a классификация 
610 1 |a назначение 
610 1 |a роль 
610 1 |a проектирование 
610 1 |a расчеты 
610 1 |a учебные пособия 
675 |a 621.9.06-229(075.8)  |v 3 
700 1 |a Горохов  |b В. А.  |g Вадим Андреевич 
801 0 |a BY  |b 63413507  |c 20011210  |g PSBO 
801 2 |a RU  |b 63413507  |c 20201106  |g PSBO 
900 |a Технологическая оснастка 
900 |a Проектирование технологической оснастки 
900 |a Проектирование станочных и сборочных приспособлений 
942 |c BK